005690000a22001930004500020001500000060000800015082002000023100001900043100001800062245003000080250000600110260004500116260000900161300000800170650005300178942000700231999001900238952011800257 a0706903358 a100 a582.130 433 BHO aBhatnagar, S P aBhojwani, S S aEmbryology of angiosperms a2 aNewdelhi, Vikas Publishing House Pvt Ltd c1974 a264 aMicrosporangium/ Embryo/ Endosperm/ Polyembryony cBK c361231d361231 00104070aKAUCOAVbKAUCOAVd2014-05-02l0o582.130 433 BHOpKAU_COAV-14843r2014-05-02 00:00:00w2014-05-02yBK